[Event "GBR-ch108 Senior 65+"]
[Site "Torquay"]
[Date "2022.08.16"]
[Round "2.26"]
[White "Gamble, Raymond J"]
[Black "Gunn, Michael J"]
[Result "1/2-1/2"]
[WhiteElo "1859"]
[BlackElo "1598"]
[PlyCount "37"]
[EventDate "2022.08.15"]
[EventType "swiss"]
[EventRounds "7"]
[EventCountry "GBR"]
[SourceTitle "BritBase"]
[Source "John Saunders"]
[SourceDate "2023.11.11"]
[SourceVersion "1"]
[SourceVersionDate "2023.11.11"]
[SourceQuality "1"]
[WhiteTeam "England"]
[BlackTeam "England"]
[WhiteTeamCountry "ENG"]
[BlackTeamCountry "ENG"]

1. d4 d5 2. Nf3 e6 3. e3 c5 4. c3 Nc6 5. Bd3 Nf6 6. Nbd2 cxd4 7. exd4 Bd6 8.
O-O O-O 9. Re1 Qc7 10. Nf1 h6 11. Qe2 b6 12. Ne5 Bb7 13. Nxc6 Bxc6 14. Ng3 Bf4
15. Qf3 Bxc1 16. Raxc1 Rae8 17. Bb1 e5 18. dxe5 Rxe5 19. Rxe5 1/2-1/2

[Event "GBR-ch108 Senior 65+"]
[Site "Torquay"]
[Date "2022.08.17"]
[Round "3.24"]
[White "Jackson, Paul G"]
[Black "Gamble, Raymond J"]
[Result "1-0"]
[WhiteElo "1578"]
[BlackElo "1859"]
[PlyCount "73"]
[EventDate "2022.08.15"]
[EventType "swiss"]
[EventRounds "7"]
[EventCountry "GBR"]
[SourceTitle "BritBase"]
[Source "John Saunders"]
[SourceDate "2023.11.11"]
[SourceVersion "1"]
[SourceVersionDate "2023.11.11"]
[SourceQuality "1"]
[WhiteTeam "England"]
[BlackTeam "England"]
[WhiteTeamCountry "ENG"]
[BlackTeamCountry "ENG"]

1. f4 d5 2. e3 g6 3. Nf3 Bg7 4. d4 Bg4 5. Nbd2 c6 6. Bd3 f5 7. h3 Bxf3 8. Nxf3
e6 9. Bd2 Nf6 10. Ne5 Ne4 11. O-O Nxd2 12. Qxd2 Nd7 13. c4 Nxe5 14. fxe5 O-O
15. b4 Bh6 16. Qe2 Qg5 17. Rf3 Rad8 18. c5 f4 19. e4 Qe7 20. Rd1 Rd7 21. exd5
Rxd5 22. Bc4 Rd7 23. a4 Kh8 24. Qa2 Re8 25. b5 g5 26. a5 Bg7 27. Rfd3 h6 28. a6
bxa6 29. bxc6 Rc7 30. Bxa6 Rb8 31. Bb7 Bxe5 32. dxe5 Qxc5+ 33. Kh1 Qxe5 34.
Rd8+ Rxd8 35. Rxd8+ Kg7 36. Qf2 a5 37. Qd4 1-0

[Event "GBR-ch108 Senior 65+"]
[Site "Torquay"]
[Date "2022.08.18"]
[Round "4.28"]
[White "Gamble, Raymond J"]
[Black "Collins, Peter M"]
[Result "1/2-1/2"]
[WhiteElo "1859"]
[BlackElo "1831"]
[PlyCount "36"]
[EventDate "2022.08.15"]
[EventType "swiss"]
[EventRounds "7"]
[EventCountry "GBR"]
[SourceTitle "BritBase"]
[Source "John Saunders"]
[SourceDate "2023.11.11"]
[SourceVersion "1"]
[SourceVersionDate "2023.11.11"]
[SourceQuality "1"]
[WhiteTeam "England"]
[BlackTeam "England"]
[WhiteTeamCountry "ENG"]
[BlackTeamCountry "ENG"]

1. d4 e6 2. e4 d5 3. exd5 exd5 4. Bd3 Nf6 5. Bg5 Be7 6. h3 O-O 7. Nf3 Nc6 8. c3
a6 9. Nbd2 b5 10. a3 Na5 11. O-O Nc4 12. Qc2 h6 13. Bf4 Nd6 14. Ne5 Bb7 15.
Rfe1 Nfe4 16. f3 Nxd2 17. Qxd2 Bg5 18. Bxg5 Qxg5 1/2-1/2

[Event "GBR-ch108 Senior 65+"]
[Site "Torquay"]
[Date "2022.08.20"]
[Round "6.26"]
[White "Gamble, Raymond J"]
[Black "Jerome, Stellio"]
[Result "1/2-1/2"]
[WhiteElo "1859"]
[BlackElo "1441"]
[PlyCount "54"]
[EventDate "2022.08.15"]
[EventType "swiss"]
[EventRounds "7"]
[EventCountry "GBR"]
[SourceTitle "BritBase"]
[Source "John Saunders"]
[SourceDate "2023.11.11"]
[SourceVersion "1"]
[SourceVersionDate "2023.11.11"]
[SourceQuality "1"]
[WhiteTeam "England"]
[BlackTeam "England"]
[WhiteTeamCountry "ENG"]
[BlackTeamCountry "ENG"]

1. d4 h6 2. Nf3 g5 3. e4 Bg7 4. c3 d5 5. exd5 Qxd5 6. Bd3 Nf6 7. O-O b6 8. Qe2
Bb7 9. Nbd2 Nbd7 10. Bc4 Qd6 11. Re1 e6 12. Bb3 O-O-O 13. Nc4 Qe7 14. a4 a5 15.
Nce5 Nxe5 16. Nxe5 Nd7 17. Nxd7 Qxd7 18. Bc2 e5 19. dxe5 Qd5 20. f3 Rde8 21.
Be4 Qxe5 22. Bxb7+ Kxb7 23. Qxe5 Bxe5 24. Be3 f5 25. Bf2 f4 26. Re4 Bf6 27.
Rae1 Rxe4 1/2-1/2

[Event "GBR-ch108 Senior 65+"]
[Site "Torquay"]
[Date "2022.08.21"]
[Round "7.22"]
[White "Matthew, Ian G"]
[Black "Gamble, Raymond J"]
[Result "1/2-1/2"]
[WhiteElo "1816"]
[BlackElo "1859"]
[PlyCount "35"]
[EventDate "2022.08.15"]
[EventType "swiss"]
[EventRounds "7"]
[EventCountry "GBR"]
[SourceTitle "BritBase"]
[Source "John Saunders"]
[SourceDate "2023.11.11"]
[SourceVersion "1"]
[SourceVersionDate "2023.11.11"]
[SourceQuality "1"]
[WhiteTeam "England"]
[BlackTeam "England"]
[WhiteTeamCountry "ENG"]
[BlackTeamCountry "ENG"]

1. e4 e6 2. Nf3 d5 3. e5 c5 4. b4 a6 5. bxc5 Bxc5 6. d4 Be7 7. Bd3 Nc6 8. O-O
Bd7 9. Nbd2 b5 10. Nb3 Nb4 11. Be2 Rc8 12. Ne1 Qb6 13. f4 Nh6 14. a3 Nc6 15.
Nf3 Na5 16. Nxa5 Qxa5 17. Bd3 g6 18. Kh1 1/2-1/2